000 00718cam a2200229 a 4500
001 c 63000195
003 DLC
005 20260227111034.0
008 061012s1962 ch 000 1 chi
010 _ac 63000195
035 _a(CStRLIN)DCLP06-B20443
040 _aDLC
_cDLC
_dDLC-R
050 0 0 _aPL2892.I24
_bF4
066 _c$1
100 0 _6880-01
_aBiyao.
245 1 0 _6880-02
_aFeng chen xue li /
_cBiyao zhu.
260 _6880-03
_aTaibei Xian Yonghe Zhen :
_bHai yan chu ban she,
_cMinguo 51 [1962]
300 _a308 p. ;
_c19 cm.
880 0 _6100-01/$1
_a碧瑤.
880 1 0 _6245-02/$1
_a風塵 血淚 /
_c碧瑤 著.
880 _6260-03/$1
_a台北縣 永和鎮 :
_b海燕 出版社,
_c民國51 [1962]
999 _c12806
_d12806